000 00636cam a22002053a 4500
001 43370
003 PGUSA
005 20140828084003.0
008 130801s2013||||xxu|||||s|||||000 | eng d
040 _aPGUSA
_beng
042 _adc
100 1 _aWright, Mary M.
245 1 0 _aCandy-Making at Home :
_bTwo hundred ways to make candy with home flavors and professional finish
_h[electronic resource] /
_cMary M. Wright
260 _bProject Gutenberg,
_c2013
506 _aPublic domain in the USA.
516 _aElectronic text
830 0 _aProject Gutenberg
_v43370
856 4 0 _uhttp://www.gutenberg.org/ebooks/43370
942 _cEB
999 _c272621
_d272621